| 000 | 00552nam a2200181 i 4500 | ||
|---|---|---|---|
| 001 | 104941 | ||
| 003 | ES-MaACL | ||
| 005 | 20230906183729.0 | ||
| 007 | t| | ||
| 008 | 060531q18901899fr ||||1| fre d | ||
| 080 | _a821.133.1-23"18" | ||
| 100 | 1 |
_aPonsard, François. _993035 |
|
| 245 | 1 | 0 |
_aCharlotte Corday _b: tragédie en cinq actes en vers / _cFrançois Ponsard. |
| 260 |
_aParis : _bCalmann-Lévy, _c[1890?] |
||
| 300 |
_ap. [205]-355 ; _c20 cm. |
||
| 500 | _aBiblioteca Jacinto Martínez Lacalle. | ||
| 852 |
_aES-MaACL _jE-11313 _bR.138970 |
||
| 999 |
_c104941 _d104941 |
||